| Поле | Название | Значение |
| |
Тип записи |
a |
| |
Библиографический уровень |
m |
| 001 |
Контрольный номер |
admiBOOK00020074 |
| 005 |
Дата корректировки |
20140508173756.4 |
| 010 |
Индекс ISBN |
__ |
| a |
ISBN |
978-5-9916-2461-9 |
| d |
Цена |
229,02 |
| 100 |
Данные общей обработки |
__ |
| a |
Данные общей обработки |
19020206 |||y0 y0189 ca |
| 101 |
Язык документа |
__ |
| a |
Язык текста |
rus |
| 105 |
Кодированные данные (монография) |
__ |
| a |
Кодированные данные (монография) |
zy |
| 200 |
Заглавие и сведения об ответственности |
0_ |
| a |
Заглавие |
Банковское дело |
| e |
Сведения, относящиеся к заглавию |
учебник для бакалавров |
| f |
Первые сведения об ответственности |
Т.М.Костерина |
| 205 |
Сведения об издании |
__ |
| a |
Основные сведения об издании |
2-е изд., перераб. и доп. |
| b |
Дополнительные сведения об издании |
Рек. МО РФ |
| 210 |
Выходные данные |
__ |
| a |
Место издания |
М |
| c |
Издательство |
Издательство Юрайт |
| d |
Дата издания |
2013 |
| 215 |
Физическое описание |
__ |
| a |
Объем |
332с. |
| 225 |
Серия |
__ |
| a |
Серия |
Бакалавр. Базовый курс |
| 606 |
Тематические рубрики |
__ |
| a |
Основная рубрика |
Финансы |
| x |
Основная подрубрика |
Кредитная система |
| x |
Основная подрубрика |
Банковское дело |
| x |
Основная подрубрика |
Банки |
| 610 |
Ключевые слова |
__ |
| a |
Ключевые слова |
Банковское дело |
| a |
Ключевые слова |
Банки |
| 675 |
Индекс УДК |
__ |
| a |
Индекс УДК |
336.7 |
| 686 |
Индексы других классификаций |
__ |
| a |
Классификационный индекс |
65.262.1 |
| 700 |
Автор |
__ |
| a |
Фамилия |
Костерина |
| b |
Имя |
Т.М. |
| 852 |
Данные о местонахождении |
__ |
| c |
Местонахождение стеллажа |
65.262.1 |
| j |
Шифр хранения |
65.26 |
| 852 |
Данные о местонахождении |
__ |
| b |
Сигла хранения |
ЧЗ_1 |
| t |
Номер экземпляра |
25 |
| i |
Авторский знак |
К72 |
| p |
Инвентарный номер |
149234 |
| p |
Инвентарный номер |
149235 |
| p |
Инвентарный номер |
149236 |
| p |
Инвентарный номер |
149237 |
| p |
Инвентарный номер |
149238 |
| p |
Инвентарный номер |
20 экз. б/н |
| 901 |
Тип документа |
__ |
| t |
Тип документа |
m |
| 911 |
|
__ |
| u |
|
952a=Учебник |
| u |
|
952p=2420 |
| 938 |
Служебная информация |
__ |
| a |
Название организации |
Саранский филиал |
| b |
Имя БД |
OUTPUT.MRC_Саранск |
| c |
Название АИБС |
АИБС Библиотека |